Statistics for Numbers 1 to 30 with Typing Hurdles

Click here to take the quiz!

General Stats

  • This quiz has been taken 39 times
  • The average score is 6 of 25

Answer Stats

NUMBERS 1-30% Correct
onetwo
84%
onetwthre
32%
onetwthrfourfvsixsvneightninetene
32%
onetwthrfourfi
26%
onetwthrfourfvsixsvneightninetenlvntwelvethrtnfourteenfifteensixteensvntneighteennntntwentytwenty-onetwenty-twotwnty
26%
one, two, three, four, five, six, seven, eight, nine, ten, eleven, twelve, thirteen, fourteen, fifteen, sixteen, seventeen, eighteen, nineteen, twenty, twenty-one, twenty-two, twenty-three, twenty-four, twenty-five, twenty-six, twenty-seven, twenty-eight, twenty-nine, thirty
21%
onetwthrfourfve
21%
onetwthrfourfvsixse
21%
onetwthrfourfvsixsve
21%
onetwthrfourfvsixsvneightninetenle
21%
onetwthrfourfvsixsvneightninetenlve
21%
onetwthrfourfvsixsvneightninetenlvntwelvethi
21%
onetwthrfourfvsixsvneightninetenlvntwelvethrte
21%
onetwthrfourfvsixsvneightninetenlvntwelvethrtnfourteenfifteensixteense
21%
onetwthrfourfvsixsvneightninetenlvntwelvethrtnfourteenfifteensixteensve
21%
onetwthrfourfvsixsvneightninetenlvntwelvethrtnfourteenfifteensixteensvnte
21%
onetwthrfourfvsixsvneightninetenlvntwelvethrtnfourteenfifteensixteensvntneighteenni
21%
onetwthrfourfvsixsvneightninetenlvntwelvethrtnfourteenfifteensixteensvntneighteennne
21%
onetwthrfourfvsixsvneightninetenlvntwelvethrtnfourteenfifteensixteensvntneighteennnte
21%
onetwthrfourfvsixsvneightninetenlvntwelvethrtnfourteenfifteensixteensvntneighteennntntwentytwenty-onetwenty-twotwe
21%
onetwthrfourfvsixsvneightninetenlvntwelvethrtnfourteenfifteensixteensvntneighteennntntwentytwenty-onetwenty-twotwntthre
21%
onetwthrfourfvsixsvneightninetenlvntwelvethrtnfourteenfifteensixteensvntneighteennntntwentytwenty-onetwenty-twotwntthrtwenty-fourtwenty-fivetwenty-sixtwenty-seventwenty-eighttwe
21%
onetwthrfourfvsixsvneightninetenlvntwelvethrtnfourteenfifteensixteensvntneighteennntntwentytwenty-onetwenty-twotwntthrtwenty-fourtwenty-fivetwenty-sixtwenty-seventwenty-eighttwntni
21%
onetwthrfourfvsixsvneightninetenlvntwelvethrtnfourteenfifteensixteensvntneighteennntntwentytwenty-onetwenty-twotwntthrtwenty-fourtwenty-fivetwenty-sixtwenty-seventwenty-eighttwntnne
21%
onetwthrfourfvsixsvneightninetenlvntwelvethrtnfourteenfifteensixteensvntneighteennntntwentytwenty-onetwenty-twotwntthrtwenty-fourtwenty-fivetwenty-sixtwenty-seventwenty-eighttwnty
21%

Score Distribution

Percentile by Number Answered

Percent of People with Each Score

Your Score History

You have not taken this quiz